000 00483nam a22001457a 4500
082 _a004
100 _aFatima, Anam
245 _aSimulation and Test Setup for Nano Grid System Based on Users' Load Profile /
_cAnam Fatima.
260 _aIslamabad:
_bCEME - NUST,
_c2017.
300 _a56 p. :
_bill. ;
_c30cm
650 _aEngineering Management MS-Thesis.
_916065
700 _aDr. Shoab A. Khan
_918474
942 _2ddc
_cTHE
999 _c536445
_d536445